<?xml version="1.0" encoding="UTF-8"?>
<record
    xmlns:xsi="http://www.w3.org/2001/XMLSchema-instance"
    xsi:schemaLocation="http://www.loc.gov/MARC21/slim http://www.loc.gov/standards/marcxml/schema/MARC21slim.xsd"
    xmlns="http://www.loc.gov/MARC21/slim">

  <leader>00467nam a2200145Ia 4500</leader>
  <controlfield tag="008">100122s9999    xx            000 0 und d</controlfield>
  <datafield tag="082" ind1=" " ind2=" ">
    <subfield code="b">14807</subfield>
    <subfield code="a">823</subfield>
  </datafield>
  <datafield tag="100" ind1=" " ind2=" ">
    <subfield code="a">&#x932;&#x93E;&#x91F;&#x947; &#x926;&#x940;&#x928;&#x93E;&#x928;&#x93E;&#x925;</subfield>
  </datafield>
  <datafield tag="245" ind1=" " ind2=" ">
    <subfield code="a">&#x915;&#x920;&#x92A;&#x941;&#x924;&#x933;&#x940;&#x91A;&#x93E; &#x916;&#x947;&#x933;</subfield>
  </datafield>
  <datafield tag="260" ind1=" " ind2=" ">
    <subfield code="b">&#x92F;&#x941;&#x935;&#x93E; &#x92A;&#x94D;&#x930;&#x915;&#x93E;&#x936;&#x928; &#x938;&#x902;&#x938;&#x94D;&#x925;&#x93E;</subfield>
    <subfield code="c">1965</subfield>
  </datafield>
  <datafield tag="300" ind1=" " ind2=" ">
    <subfield code="a">234</subfield>
  </datafield>
  <datafield tag="630" ind1=" " ind2=" ">
    <subfield code="a">&#x915;&#x920;&#x92A;&#x941;&#x924;&#x933;&#x940;&#x91A;&#x93E; &#x916;&#x947;&#x933;</subfield>
  </datafield>
  <datafield tag="730" ind1=" " ind2=" ">
    <subfield code="a">&#x915;&#x920;&#x92A;&#x941;&#x924;&#x933;&#x940;&#x91A;&#x93E; &#x916;&#x947;&#x933;</subfield>
  </datafield>
  <datafield tag="942" ind1=" " ind2=" ">
    <subfield code="c">BOOK</subfield>
  </datafield>
  <datafield tag="999" ind1=" " ind2=" ">
    <subfield code="c">405178</subfield>
    <subfield code="d">405175</subfield>
  </datafield>
</record>
